3-Letter Word Chain #2 - Statistics

General Stats
  • This quiz has been taken 128 times
  • The average score is 9 of 15
Answer Stats
Hint Word % Correct
At the top of an "i" Dot
90%
Precedes "Mahal" Taj
85%
You've made it; now lay in it Bed
77%
Used in golf Tee
75%
Precedes "punk" Jet
74%
Tyrannosaurus Rex
69%
A brown colour Tan
68%
Similar to moose Elk
66%
Water animal Eel
64%
Neither Nor
64%
At the end of a pen Nib
62%
Family Kin
54%
Zero to the power of zero One
41%
Cattle can make this sound Low
24%
A type of doctor Who
10%
No matching quizzes found
Score Distribution
Percent of People with Each Score
Percentile by Number Answered
Your Score History
You have not taken this quiz